Algebraic topology : proceedings of a workshop held at the University of Washington, Seattle, 1985

Αποθηκεύτηκε σε:
Λεπτομέρειες βιβλιογραφικής εγγραφής
Άλλοι συγγραφείς: Ravenel, Douglas C. (Επιμελητής έκδοσης), Miller, Haynes R., 1948- (Επιμελητής έκδοσης)
Μορφή: Βιβλίο
Γλώσσα:English
Δημοσίευση: Berlin : Springer-Verlag, c1987.
Σειρά:Lecture notes in mathematics (Springer-Verlag) ; 1286
Θέματα:
Ετικέτες: Προσθήκη ετικέτας
Δεν υπάρχουν, Καταχωρήστε ετικέτα πρώτοι!

MARC

LEADER 00000cam a2200000 i 4500
001 1/27484
008 941103s1987 gw ||| | eng||
020 |a 3540184813 
035 |a 1993  |l 10037837 
040 |a GR-MyUA  |b gre  |e AACR2 
041 0 |a eng 
082 0 |a 514.2  
245 0 0 |a Algebraic topology :   |b proceedings of a workshop held at the University of Washington, Seattle, 1985 /   |c H.R. Miller, D.C. Ravenel (eds). 
260 |a Berlin :   |b Springer-Verlag,   |c c1987.  
300 |a 341 σ. ;   |c 24 εκ.  
490 1 |a (Lecture notes in mathematics (Springer-Verlag)   |v ; 1286) 
650 0 0 |a Algebraic topology  |x Congresses. 
700 1 |a Ravenel, Douglas C.  |e edt 
700 1 |a Miller, Haynes R.,   |d 1948-  |e edt 
830 0 |a Lecture notes in mathematics (Springer-Verlag)  |v  ; 1286 
852 |a INST  |b SAMOS  |e 19941103  |h 514.2 ALG  |p 005300007567  |q 005300007567  |t BK  |y 0 
909 |a Σ  |b 029151